000
00263nam a2200109Ia 4500
008
190216s9999||||xx |||||||||||||| ||und||
100
_a
Govis
245
0
_a
British Constitutional History
260
_b
Competition Success Review
650
_a
History
942
_c
BK
999
_c
19566
_d
19566